Normal view MARC view
  • Comunicación en la ciencia

Entry Materia

Number of records used in: 12

001 - NÚMERO DE CONTROL DEL REGISTRO

  • campo de control: 8117

003 - IDENTIFICADOR DE NUMERO DE CONTROL

  • campo de control: MX-MxUPN

005 - FECHA Y HORA DE LA ÚLTIMA TRANSACCIÓN

  • campo de control: 20230814213706.0

008 - DATOS DE LONGITUD FIJA

  • campo de control de longitud fija: 230814nn anznnbabn a ana |d

035 ## - NÚMERO DE CONTROL DEL SISTEMA

  • Número de control del sistema: UPN10000008122

040 ## - FUENTE DE LA CATALOGACIÓN

  • Lengua de catalogación: spa
  • Centro catalogador de origen: MX-MxUPN

150 ## - ENCABEZAMIENTO - TEMÁTICO

  • Término de materia o nombre geográfico como elemento inicial: Comunicación en la ciencia

450 ## - VÉASE - MATERIA

  • Encabezamiento temático: Comunicación científica

550 ## - VÉASE ADEMÁS - MATERIA

  • Encabezamiento temático o nombre geográfico como elemento de entrada: Comunicación
  • Subdivisión temática general: Metodología

670 ## - FUENTE EN LA QUE SE LOCALIZARON DATOS

  • Cita de la fuente: Escamilla González, G. Lista de encabezamientos de materia, 1978 :
  • Información localizada: página 191 (Comunicación en la ciencia)

902 ## - CATALOGADOR

  • Catalogador: LG/101096
  • Catalogador: VíctorGodínez/140823